Short range line of sight laser communication / (Record no. 183355)
[ view plain ]
| 000 -LEADER | |
|---|---|
| fixed length control field | 00788 a2200193 4500 |
| 003 - CONTROL NUMBER IDENTIFIER | |
| control field | NUST |
| 005 - DATE AND TIME OF LATEST TRANSACTION | |
| control field | 20251111190926.0 |
| 040 ## - CATALOGING SOURCE | |
| Transcribing agency | Nust |
| 082 ## - DEWEY DECIMAL CLASSIFICATION NUMBER | |
| Classification number | 621.382,AMJ |
| 100 ## - MAIN ENTRY--PERSONAL NAME | |
| Personal name | Amjad, CSM Ali Ovais (TCC-10) |
| 9 (RLIN) | 131823 |
| 245 ## - TITLE STATEMENT | |
| Title | Short range line of sight laser communication / |
| Statement of responsibility, etc. | CSM Ovais Ali Amjad, SGT Ishtiaq Ahmed Usman, GC Waleed Akhtar, GC Saqib Ali and SGT Sharjeel Zareen. |
| 260 ## - PUBLICATION, DISTRIBUTION, ETC. | |
| Place of publication, distribution, etc. | Rawalpindi |
| Name of publisher, distributor, etc. | MCS (NUST) |
| Date of publication, distribution, etc. | 2002 |
| 300 ## - PHYSICAL DESCRIPTION | |
| Extent | 80 p.; |
| 505 ## - FORMATTED CONTENTS NOTE | |
| Formatted contents note | Introduction (Page-1), Link Analysis (Page-8), Transmitter (Page-14), Transformer (Paghe-42), High Voltage Section (Page-59), Receiver (Page-65). |
| 650 ## - SUBJECT ADDED ENTRY--TOPICAL TERM | |
| Topical term or geographic name entry element | UG Projects |
| 9 (RLIN) | 98716 |
| 651 ## - SUBJECT ADDED ENTRY--GEOGRAPHIC NAME | |
| Geographic name | TCC-10 |
| 9 (RLIN) | 131808 |
| 700 ## - ADDED ENTRY--PERSONAL NAME | |
| Personal name | Supervised by WG CDR (R) Akhlaq Ali and External DS; Mr Habib Hussain |
| 9 (RLIN) | 131824 |
| 942 ## - ADDED ENTRY ELEMENTS (KOHA) | |
| Koha item type | Project Report |
| Source of classification or shelving scheme | |
| Withdrawn status | Lost status | Source of classification or shelving scheme | Damaged status | Not for loan | Permanent Location | Current Location | Shelving location | Date acquired | Full call number | Barcode | Date last seen | Price effective from | Koha item type | Public note |
|---|---|---|---|---|---|---|---|---|---|---|---|---|---|---|
| Military College of Signals (MCS) | Military College of Signals (MCS) | Reference | 12/12/2016 | 621.382,AMJ | MCSPTC-40 | 12/08/2016 | 12/12/2016 | Project Report | Almirah No. 94, Shelf No. 1 |
